| 000 | 00361nam a22001457a 4500 | ||
|---|---|---|---|
| 003 | macl | ||
| 005 | 20200704163523.0 | ||
| 008 | 200704b xxu||||| |||| 00| 0 eng d | ||
| 040 | _cmacl | ||
| 100 |
_aKrishnan,Babita _978838 |
||
| 245 | _aGreat Scientists of The World | ||
| 260 |
_aDelhi _bSahitya Surbhi _c2018 |
||
| 650 |
_aBiography _978839 |
||
| 942 |
_2ddc _cBK |
||
| 999 |
_c62548 _d62548 |
||